Wielkie Trójki NBA - Statystyki

Ogólne statystyki
  • Ten quiz został rozwiązany 163 razy
  • Średni wynik to 17 z 30
Statystyki odpowiedzi
Zespół Gracz % Poprawnych
Miami Heat LeBron James
99%
Cleveland Cavaliers LeBron James
99%
Golden State Warriors Stephen Curry
88%
Oklahoma City Thunder Kevin Durant
84%
Chicago Bulls Michael Jordan
84%
Golden State Warriors Klay Thompson
77%
Cleveland Cavaliers Kyrie Irving
74%
Chicago Bulls Scottie Pippen
74%
San Antonio Spurs Tim Duncan
73%
Chicago Bulls Dennis Rodman
71%
Golden State Warriors Draymond Green
70%
Boston Celtics Larry Bird
70%
Oklahoma City Thunder James Harden
65%
Los Angeles Lakers Magic Johnson
63%
Oklahoma City Thunder Russell Westbrook
60%
San Antonio Spurs Tony Parker
58%
Miami Heat Chris Bosh
56%
Boston Celtics Kevin Garnett
55%
Cleveland Cavaliers Kevin Love
55%
Miami Heat Dwyane Wade
52%
Boston Celtics Paul Pierce
50%
Houston Rockets Hakeem Olajuwon
49%
Los Angeles Lakers Kareem Abdul-Jabbar
46%
Boston Celtics Ray Allen
45%
San Antonio Spurs Manu Ginobili
37%
Los Angeles Lakers James Worthy
23%
Houston Rockets Clyde Drexler
22%
Boston Celtics Kevin McHale
19%
Houston Rockets Charles Barkley
16%
Boston Celtics Robert Parish
16%
Nie znaleziono quizów pasujących do podanych kryteriów
Rozkład punktacji
Procent ludzi z każdym wynikiem
Percentyl według liczby udzielonych odpowiedzi
Twoja historia wyników
Nie rozwiązałeś tego quizu